000 00389nam a2200145Ia 4500
100 _aWomen Development Cell
650 _aGeneral National Seminar
942 _cRB
654 _agender equality
245 _aNational Seminar on Gender Equality and the Indian Republic
260 _bUniversity of Mumbai
_aMumbai
_c2007
082 _a305.3/WOM
_bWOM
300 _a143
546 _aENGLISH
999 _c30947
_d30947